Food Processing Technology Principles and Practice (Record no. 190)
[ view plain ]
| 000 -LEADER | |
|---|---|
| fixed length control field | 00344nam a22001457a 4500 |
| 020 ## - INTERNATIONAL STANDARD BOOK NUMBER | |
| International Standard Book Number | 978-0-08-101907-8 |
| 041 ## - LANGUAGE CODE | |
| Language code of text/sound track or separate title | ENG |
| 100 ## - MAIN ENTRY--PERSONAL NAME | |
| Personal name | Fellows .P.J |
| 245 ## - TITLE STATEMENT | |
| Title | Food Processing Technology Principles and Practice |
| 250 ## - EDITION STATEMENT | |
| Edition statement | Fourth Edition |
| 260 ## - PUBLICATION, DISTRIBUTION, ETC. (IMPRINT) | |
| Place of publication, distribution, etc | Uk |
| Name of publisher, distributor, etc | Woodhead PUB |
| Date of publication, distribution, etc | 2017 |
| 300 ## - PHYSICAL DESCRIPTION | |
| Extent | 1128 |
| 650 ## - SUBJECT ADDED ENTRY--TOPICAL TERM | |
| Topical term or geographic name as entry element | APE |
| 856 ## - ELECTRONIC LOCATION AND ACCESS | |
| Uniform Resource Identifier | APE ( 03 ) |
| Withdrawn status | Lost status | Source of classification or shelving scheme | Damaged status | Not for loan | Home library | Current library | Date acquired | Cost, normal purchase price | Total Checkouts | Barcode | Date last seen | Price effective from | Koha item type | Shelving location | Date checked out |
|---|---|---|---|---|---|---|---|---|---|---|---|---|---|---|---|
| Dewey Decimal Classification | College of Agricultural Engineering and Technology, Dapoli , Library | College of Agricultural Engineering and Technology, Dapoli , Library | 28/09/2021 | 2950.00 | 18 | 003580 | 19/01/2026 | 28/09/2021 | Books | Book Cart | 09/01/2026 | ||||
| Dewey Decimal Classification | College of Agricultural Engineering and Technology, Dapoli , Library | College of Agricultural Engineering and Technology, Dapoli , Library | 29/09/2021 | 995.00 | 004956 | 29/09/2021 | 29/09/2021 | Books | Book Cart | ||||||
| Dewey Decimal Classification | College of Agricultural Engineering and Technology, Dapoli , Library | College of Agricultural Engineering and Technology, Dapoli , Library | 29/09/2021 | 995.00 | 10 | 004957 | 25/02/2026 | 29/09/2021 | Books | Book Cart | 12/02/2026 | ||||
| Dewey Decimal Classification | College of Agricultural Engineering and Technology, Dapoli , Library | College of Agricultural Engineering and Technology, Dapoli , Library | 29/09/2021 | 995.00 | 005966 | 29/09/2021 | 29/09/2021 | Books | Book Cart | ||||||
| Dewey Decimal Classification | College of Agricultural Engineering and Technology, Dapoli , Library | College of Agricultural Engineering and Technology, Dapoli , Library | 08/08/2022 | 3995.00 | 2 | 007979 | 11/02/2026 | 08/08/2022 | Books | Book Cart | 06/11/2025 | ||||
| Dewey Decimal Classification | College of Agricultural Engineering and Technology, Dapoli , Library | Liberty | 20/01/2021 | 8250.00 | 007783 | 20/01/2021 | 20/01/2021 | Books |